📖 150 premiers mots "L'analphabète qui savait..."Jonasson - Statistiques

Statistiques générales
  • Ce quiz a Ă©tĂ© pris 16 fois
  • Le rĂ©sultat moyen est 88 sur 150
Statistiques - réponses
Mots % Correct
Ă 
100%
Afrique
100%
d'
100%
D'
100%
l'
100%
n'
100%
s'
100%
Soweto,
100%
Sud
100%
de
92%
des
92%
du
92%
est
92%
et
92%
il
92%
Il
92%
ils
92%
la
92%
La
92%
le
92%
les
92%
'OĂą
92%
ou
92%
par
92%
qui,
92%
qui
92%
se
92%
un
92%
une
92%
au-
85%
était
85%
fois
85%
leurs
85%
plus
85%
ce
77%
dessus
77%
en
77%
En
77%
homme
77%
tout,
77%
aux
69%
avaient
69%
avec
69%
grand
69%
peu
69%
bien
62%
jour
62%
dans
54%
étaient
54%
ghetto
54%
tĂŞte.
54%
fille
46%
trop
46%
ans,
38%
Après
38%
quelque
38%
mĂŞme
31%
Quelques
31%
question
31%
toit
31%
cinquante
23%
sortir'
23%
cas
15%
fĂŞter
15%
fit
15%
jeunes
15%
matin.
15%
tĂ´t
15%
travail
15%
aucun
8%
cabane
8%
certaine
8%
chef
8%
manière,
8%
mort,
8%
alcool,
0%
antalgiques
0%
auraient
0%
avalait
0%
avenir.
0%
bière
0%
bureau
0%
combinaison
0%
conséquence,
0%
diarrhées,
0%
drogue,
0%
égard ...
0%
ensemble.
0%
latrines
0%
lotis.
0%
malade.
0%
montra
0%
Néanmoins,
0%
plupart
0%
pneumonie,
0%
privilège
0%
rares
0%
spécimens
0%
statistiquement,
0%
succomberaient
0%
tuberculose,
0%
usé
0%
véhément
0%
videurs
0%
Aucun quiz correspondant
Distribution des résultats
% des personnes avec chaque résultat
Percentile par nombre de réponses
Votre historique - résultats
Vous n’avez pas pris ce quiz